[Event "XVII Weekend B"]
[Site "Ceriano Laghetto ITA"]
[Date "2008.03.28"]
[Round "1"]
[White "Azzolin, Lorenzo"]
[Black "Moroni, Luca"]
[Result "0-1"]
[WhiteElo "1638"]
[BlackElo "1850"]
[PlyCount "66"]
[EventDate "2008.03.28"]

1.e4 c5 2.c3 d5 3.exd5 Qxd5 4.d4 cxd4 5.cxd4 Nf6 6.Nc3 Qd8 7.Nf3 e6 8.Bb5+
Bd7 9.Qb3 Be7 10.O-O O-O 11.Be3 Nc6 12.Rac1 a6 13.Bxc6 Bxc6 14.Ne5 Bd5 15.
Nxd5 Qxd5 16.Qxd5 Nxd5 17.Rc2 f6 18.Nd7 Rfd8 19.Nc5 Nxe3 20.fxe3 Bxc5 21.
Rxc5 Rd7 22.Rfc1 Rad8 23.Rc8 Rxc8 24.Rxc8+ Kf7 25.Kf2 Kg6 26.Kf3 Rd5 27.
Rc5 Rxc5 28.dxc5 Kf5 29.e4+ Ke5 30.Ke3 f5 31.exf5 exf5 32.b4 g5 33.a4 g4 
0-1

[Event "XVII Weekend B"]
[Site "Ceriano Laghetto ITA"]
[Date "2008.03.28"]
[Round "1"]
[White "Brighenti, Alessandro"]
[Black "Saffioti, Massimo"]
[Result "0-1"]
[WhiteElo "1593"]
[BlackElo "1820"]
[PlyCount "62"]
[EventDate "2008.03.28"]

1.e4 c5 2.Nc3 d6 3.g3 Nf6 4.Bg2 e5 5.d3 Be7 6.f4 Nc6 7.Nf3 Bg4 8.h3 Bd7 9.
O-O Nh5 10.Kh2 exf4 11.gxf4 O-O 12.Nd5 Bh4 13.Nxh4 Qxh4 14.Qf3 Nd4 15.Qf2 
Qd8 16.c3 Nc6 17.d4 cxd4 18.cxd4 Nf6 19.e5 Nxd5 20.Bxd5 Be6 21.Bxe6 fxe6 
22.Be3 d5 23.Bd2 Qb6 24.Be3 Ne7 25.Rac1 Rac8 26.Rxc8 Rxc8 27.b3 Nf5 28.Rb1
Rc3 29.Bc1 Qb5 30.Bb2 Re3 31.Rc1 Re2 0-1

[Event "XVII Weekend B"]
[Site "Ceriano Laghetto ITA"]
[Date "2008.03.28"]
[Round "1"]
[White "Caldarola, Stefano"]
[Black "Parenti, Davide"]
[Result "0-1"]
[WhiteElo "1739"]
[BlackElo "1901"]
[PlyCount "91"]
[EventDate "2008.03.28"]

1.d4 Nf6 2.c4 e6 3.Nc3 d5 4.Bg5 Be7 5.Nf3 O-O 6.e3 h6 7.Bh4 Ne4 8.Bxe7 
Qxe7 9.Rc1 c6 10.Bd3 Nxc3 11.Rxc3 Nd7 12.O-O e5 13.dxe5 dxc4 14.Bxc4 Nxe5 
15.Nxe5 Qxe5 16.f4 Qf6 17.e4 Rd8 18.Rd3 Rxd3 19.Qxd3 Be6 20.Bxe6 Qxe6 21.
a3 Re8 22.e5 Qe7 23.Rd1 Rc8 24.Qd7 Rc7 25.Qxe7 Rxe7 26.Kf2 Kf8 27.Rd8+ Re8
28.Rd7 Re7 29.Rd8+ Re8 30.Rxe8+ Kxe8 31.g4 Kd7 32.f5 c5 33.Ke3 b5 34.h4 a5
35.g5 hxg5 36.hxg5 g6 37.e6+ fxe6 38.fxg6 Ke7 39.Ke4 a4 40.Kd3 Kf8 41.Ke4 
Kg7 42.Ke5 b4 43.axb4 cxb4 44.Kd4 e5+ 45.Kc4 a3 46.bxa3 0-1

[Event "XVII Weekend B"]
[Site "Ceriano Laghetto ITA"]
[Date "2008.03.28"]
[Round "1"]
[White "Casartelli, Fabio"]
[Black "Ragusa, Luigi"]
[Result "1-0"]
[WhiteElo "1894"]
[BlackElo "1735"]
[PlyCount "47"]
[EventDate "2008.03.28"]

1.e4 c5 2.Nf3 Nc6 3.Bb5 g6 4.O-O Bg7 5.c3 Nf6 6.Re1 O-O 7.d4 cxd4 8.cxd4 
a6 9.Bxc6 bxc6 10.Nc3 Rb8 11.Qc2 d5 12.e5 Bf5 13.Qa4 Ne4 14.Qxc6 Qa5 15.
Qxd5 Qxd5 16.Nxd5 Rb7 17.Ne3 Rc8 18.b3 Rbc7 19.Bb2 Bh6 20.Nc4 Rb8 21.Bc1 
Bxc1 22.Raxc1 Rbc8 23.h3 a5 24.g4 1-0

[Event "XVII Weekend B"]
[Site "Ceriano Laghetto ITA"]
[Date "2008.03.28"]
[Round "1"]
[White "Cervini, Gian Piero"]
[Black "Saffioti, Cristian"]
[Result "1/2-1/2"]
[WhiteElo "1767"]
[BlackElo "1949"]
[PlyCount "108"]
[EventDate "2008.03.28"]

1.e4 b6 2.d4 Bb7 3.Nc3 e6 4.Be2 Bb4 5.Bd2 Bxc3 6.Bxc3 Bxe4 7.Bf3 Nf6 8.
Bxe4 Nxe4 9.Qg4 d5 10.Qxg7 Qf6 11.Qxf6 Nxf6 12.Nf3 Nc6 13.O-O-O Rg8 14.g3 
Ne4 15.Rhf1 Nxc3 16.bxc3 f6 17.Rfe1 Kf7 18.Nd2 Na5 19.Re3 Rac8 20.c4 dxc4 
21.Rc3 b5 22.Ra3 Nc6 23.Ne4 a5 24.d5 Ne5 25.Rxa5 Ra8 26.Rxb5 Rxa2 27.dxe6+
Kxe6 28.Nc3 Ra1+ 29.Kb2 Rxd1 30.Nxd1 Rd8 31.Ne3 Rd2 32.f4 Nf3 33.f5+ Kd7 
34.Rd5+ Rxd5 35.Nxd5 Nxh2 36.Nxf6+ Ke7 37.Nxh7 Ng4 38.Kc3 Kf7 39.Kxc4 Ne3+
40.Kd3 Nxf5 41.Ng5+ Kf6 42.Ne4+ Ke5 43.c4 Ne7 44.Ke3 Nf5+ 45.Kd3 Ne7 46.g4
Kf4 47.Nf6 c6 48.Kd4 Kg5 49.Ke5 Ng6+ 50.Ke6 Nf4+ 51.Kf7 Nd3 52.Kg7 Ne5 53.
c5 Nd3 54.Nd7 Kxg4 1/2-1/2

[Event "XVII Weekend B"]
[Site "Ceriano Laghetto ITA"]
[Date "2008.03.28"]
[Round "1"]
[White "Colombo, Sandro"]
[Black "Greco, Umberto"]
[Result "1-0"]
[WhiteElo "1859"]
[BlackElo "1650"]
[PlyCount "75"]
[EventDate "2008.03.28"]

1.c4 c5 2.Nf3 Nf6 3.Nc3 Nc6 4.d4 cxd4 5.Nxd4 g6 6.e4 Bg7 7.Be3 O-O 8.Be2 
a6 9.h4 h5 10.Qd2 Re8 11.Rd1 d6 12.Nxc6 bxc6 13.c5 Bb7 14.cxd6 Qxd6 15.
Qxd6 exd6 16.Rxd6 Nxe4 17.Nxe4 Rxe4 18.Rd7 Rb4 19.b3 Bc3+ 20.Kf1 Bc8 21.
Rc7 Bf6 22.Bc4 Be6 23.Bxe6 fxe6 24.Rxc6 Kf7 25.g3 a5 26.Kg2 a4 27.Rc7+ Ke8
28.Bc5 Re4 29.b4 a3 30.b5 Re2 31.b6 Bd8 32.b7 Rb8 33.Rg7 Rb2 34.Rd1 R8xb7 
35.Rg8+ Kf7 36.Rf8+ Kg7 37.Rdxd8 Rxa2 38.Bd4+ 1-0

[Event "XVII Weekend B"]
[Site "Ceriano Laghetto ITA"]
[Date "2008.03.28"]
[Round "1"]
[White "D'Alessio, Angelo"]
[Black "Viale, Fabio"]
[Result "1-0"]
[WhiteElo "1961"]
[BlackElo "1809"]
[PlyCount "89"]
[EventDate "2008.03.28"]

1.d4 Nf6 2.c4 e6 3.Nf3 b6 4.e3 Bb7 5.Bd3 Bb4+ 6.Nbd2 O-O 7.O-O d5 8.a3 
Bxd2 9.Nxd2 Nbd7 10.cxd5 exd5 11.b4 Rc8 12.Rb1 Ne4 13.Nxe4 dxe4 14.Be2 Nf6
15.Bb2 Qe7 16.Qa4 Bd5 17.Rfc1 c5 18.dxc5 bxc5 19.bxc5 Nd7 20.Qd4 Nf6 21.a4
Ba2 22.Ra1 Rfd8 23.Qc3 Be6 24.a5 Rd5 25.c6 Rg5 26.h4 Nd5 27.Qd4 Rg6 28.Bh5
Rf6 29.Qxe4 Rh6 30.Qd4 f5 31.Bf3 Rxh4 32.Qe5 Qf7 33.Rd1 Nf6 34.c7 Nd7 35.
Qg3 Rh6 36.Rac1 g5 37.Qxg5+ Rg6 38.Qd8+ Nf8 39.Qh4 Rxc7 40.Qd4 Rg7 41.Rxc7
Qxc7 42.Qxg7+ Qxg7 43.Bxg7 Kxg7 44.Rd6 Kf6 45.Ra6 1-0

[Event "XVII Weekend B"]
[Site "Ceriano Laghetto ITA"]
[Date "2008.03.28"]
[Round "1"]
[White "D'Apa, Massimo"]
[Black "Punteri, Marco"]
[Result "1-0"]
[WhiteElo "1809"]
[BlackElo "1983"]
[PlyCount "73"]
[EventDate "2008.03.28"]

1.e4 c5 2.c3 g6 3.d4 cxd4 4.cxd4 d5 5.e5 Nc6 6.Nf3 Bg4 7.Be2 Bg7 8.O-O Nh6
9.h3 Bxf3 10.Bxf3 Nf5 11.Be3 O-O 12.Bg4 e6 13.Bxf5 gxf5 14.Nd2 f4 15.Bxf4 
Nxd4 16.Qg4 f5 17.exf6 Qxf6 18.Be3 Nc2 19.Rac1 Nxe3 20.fxe3 Qe5 21.Rce1 
Rxf1+ 22.Nxf1 Rf8 23.Ng3 Kh8 24.Nh5 Qxb2 25.Kh1 Bc3 26.Rd1 Qc2 27.Nf4 d4 
28.exd4 Rxf4 29.Qxf4 Qxd1+ 30.Kh2 Bb4 31.Qb8+ Kg7 32.Qxb7+ Kf6 33.Qxb4 Qc2
34.Qa5 a6 35.Qxa6 Qc7+ 36.Kg1 Kg6 37.Qxe6+ 1-0

[Event "XVII Weekend B"]
[Site "Ceriano Laghetto ITA"]
[Date "2008.03.28"]
[Round "1"]
[White "De La Pena, Elmer"]
[Black "Margstahler, Francesco"]
[Result "1/2-1/2"]
[WhiteElo "1948"]
[BlackElo "1764"]
[PlyCount "91"]
[EventDate "2008.03.28"]

1.d4 d5 2.Nf3 Nf6 3.g3 e6 4.Bg2 Nbd7 5.O-O c5 6.c4 dxc4 7.Qa4 a6 8.dxc5 
Bxc5 9.Qxc4 b5 10.Qc2 Bb7 11.Nc3 Qb6 12.e3 O-O 13.a3 Rac8 14.Rd1 Rfd8 15.
Qe2 Be7 16.Nd4 Bxg2 17.Kxg2 Ne5 18.f3 Nc4 19.b3 Nxa3 20.Bxa3 Bxa3 21.Ncxb5
Bc5 22.Na3 Bxd4 23.exd4 h6 24.Qd3 e5 25.Nc2 Nd5 26.Rd2 Rxc2 27.Rxc2 Nb4 
28.Qe2 Nxc2 29.Qxc2 exd4 30.Qd3 Qb5 31.Rd1 g6 32.h3 h5 33.Rd2 Qxd3 34.Rxd3
Rb8 35.Kf2 Rb4 36.g4 hxg4 37.fxg4 a5 38.Kf3 a4 39.bxa4 Rxa4 40.Ke4 f5+ 41.
gxf5 gxf5+ 42.Kxf5 Ra5+ 43.Kg6 Rd5 44.h4 Rd6+ 45.Kf5 Rd5+ 46.Ke4 1/2-1/2

[Event "XVII Weekend B"]
[Site "Ceriano Laghetto ITA"]
[Date "2008.03.28"]
[Round "1"]
[White "Guzzetti, Luigi Enrico"]
[Black "Palminteri, Vincenzo"]
[Result "0-1"]
[WhiteElo "1933"]
[BlackElo "1754"]
[PlyCount "46"]
[EventDate "2008.03.28"]

1.e4 Nf6 2.e5 Nd5 3.d4 d6 4.c4 Nb6 5.Nf3 Bg4 6.exd6 cxd6 7.Be2 g6 8.Be3 
Bg7 9.Nc3 Nc6 10.Rc1 O-O 11.b3 d5 12.c5 Nc8 13.h3 Bxf3 14.Bxf3 e6 15.Qd2 
N8e7 16.Nb5 Nf5 17.g4 Nxe3 18.fxe3 Qh4+ 19.Ke2 Rfe8 20.Nc7 e5 21.Nxd5 exd4
22.Rcg1 Rad8 23.g5 dxe3 0-1

[Event "XVII Weekend B"]
[Site "Ceriano Laghetto ITA"]
[Date "2008.03.28"]
[Round "1"]
[White "Mancin, Mariano"]
[Black "Beltrami, Chiara"]
[Result "1-0"]
[WhiteElo "1876"]
[BlackElo "1658"]
[PlyCount "39"]
[EventDate "2008.03.28"]

1.e4 e5 2.Bc4 d6 3.Nc3 Nf6 4.d3 c6 5.Nf3 Be7 6.h3 O-O 7.O-O b5 8.Bb3 Nbd7 
9.a3 a6 10.d4 Qc7 11.Bg5 exd4 12.Nxd4 Nc5 13.Ba2 Re8 14.Nxc6 Bb7 15.Nxe7+ 
Qxe7 16.f3 Ncd7 17.Qd2 Qe5 18.Rad1 Nh5 19.Qxd6 Qxg5 20.Qxd7 1-0

[Event "XVII Weekend B"]
[Site "Ceriano Laghetto ITA"]
[Date "2008.03.28"]
[Round "1"]
[White "Marcangeli, Alessandro"]
[Black "Regorda, Vittorio"]
[Result "0-1"]
[WhiteElo "1658"]
[BlackElo "1863"]
[PlyCount "122"]
[EventDate "2008.03.28"]

1.d4 Nf6 2.Nf3 e6 3.Bf4 b6 4.e3 Bb7 5.Nbd2 Be7 6.h3 O-O 7.Bd3 d5 8.O-O 
Nbd7 9.Qe2 c5 10.c3 Nh5 11.Bh2 f5 12.Ng5 Bxg5 13.Qxh5 g6 14.Qe2 c4 15.Bc2 
a6 16.f4 Be7 17.Nf3 b5 18.Ne5 Kg7 19.g4 Nxe5 20.fxe5 Qd7 21.Rf2 Rf7 22.
Raf1 Raf8 23.Bg3 Qd8 24.Rf3 Bc8 25.Qf2 Qd7 26.Kg2 Bd8 27.Qe2 Kg8 28.R3f2 
fxg4 29.Qxg4 Rxf2+ 30.Rxf2 Rxf2+ 31.Kxf2 Qf7+ 32.Qf4 Bg5 33.Qxf7+ Kxf7 34.
Bf4 Be7 35.Kf3 Bd7 36.Kf2 Kg7 37.Kf3 h6 38.Kg4 g5 39.Bg3 Be8 40.Kf3 h5 41.
Bf2 Bg6 42.Bxg6 Kxg6 43.e4 a5 44.exd5 exd5 45.Be3 Kf5 46.Bf2 g4+ 47.hxg4+ 
hxg4+ 48.Kg3 Bg5 49.Be1 a4 50.e6 Kxe6 51.Kxg4 Bc1 52.Kh5 Kf5 53.Kh4 Bxb2 
54.Kg3 b4 55.cxb4 Bxd4 56.Bf2 Be5+ 57.Kf3 d4 58.b5 c3 59.Be1 Bf4 60.Ke2 
Ke4 61.b6 d3+ 0-1

[Event "XVII Weekend B"]
[Site "Ceriano Laghetto ITA"]
[Date "2008.03.28"]
[Round "1"]
[White "Marchesotti, Giovanni"]
[Black "Libutti, Michele"]
[Result "1-0"]
[WhiteElo "1666"]
[BlackElo "1876"]
[PlyCount "101"]
[EventDate "2008.03.28"]

1.g3 Nf6 2.Nf3 d5 3.Bg2 e6 4.d3 c5 5.Nbd2 Nc6 6.O-O Bd6 7.e4 O-O 8.Re1 Qc7
9.c3 Rd8 10.Qe2 dxe4 11.dxe4 e5 12.Nc4 Bg4 13.Bg5 Be7 14.Bxf6 Bxf6 15.Rad1
Be6 16.b3 Rxd1 17.Rxd1 Rd8 18.Ne3 Rxd1+ 19.Qxd1 Qd8 20.Qxd8+ Bxd8 21.Bf1 
a6 22.Nc4 f6 23.Nd6 b5 24.c4 b4 25.Nh4 g6 26.f4 Bc7 27.fxe5 fxe5 28.Nb7 
Bb6 29.Nf3 Kg7 30.Ng5 Bd7 31.Bh3 Bxh3 32.Nxh3 Nd4 33.Kf2 Kf6 34.Ng1 Ke6 
35.Nf3 Nxf3 36.Kxf3 Kd7 37.Kg4 Kc6 38.Na5+ Bxa5 39.Kg5 Bd8+ 40.Kh6 Kd6 41.
g4 Ke6 42.Kxh7 Kf7 43.Kh6 Bh4 44.Kh7 Bg5 45.Kh8 Bf4 46.h3 Kf6 47.h4 Bg3 
48.g5+ Kf7 49.h5 Bh4 50.Kh7 Bxg5 51.hxg6+ 1-0

[Event "XVII Weekend B"]
[Site "Ceriano Laghetto ITA"]
[Date "2008.03.28"]
[Round "1"]
[White "Oteri, Aldo"]
[Black "Basilico, Davide"]
[Result "0-1"]
[WhiteElo "1887"]
[BlackElo "1698"]
[PlyCount "86"]
[EventDate "2008.03.28"]

1.e4 e5 2.Nf3 Nc6 3.Bb5 a6 4.Ba4 Nf6 5.d4 b5 6.Bb3 exd4 7.e5 Ne4 8.Nxd4 
Nxe5 9.Bd5 Nxf2 10.Kxf2 c6 11.Re1 Qf6+ 12.Nf3 Bc5+ 13.Be3 Ng4+ 14.Kg1 Nxe3
15.Qd3 O-O 16.Rxe3 Bxe3+ 17.Qxe3 cxd5 18.Nc3 Qe6 19.Qd4 Bb7 20.Re1 Qd6 21.
Nh4 Rfe8 22.Rxe8+ Rxe8 23.Nf5 Qe5 24.Qxe5 Rxe5 25.Nd4 b4 26.Nce2 Re4 27.
Kf2 a5 28.c3 bxc3 29.bxc3 Ba6 30.Ng3 Re8 31.Ngf5 Rc8 32.Ne7+ Kf8 33.Nxc8 
Bxc8 34.Ke3 d6 35.Nb5 Ke7 36.Kd4 Be6 37.Nc7 Kd7 38.Nxd5 Kc6 39.c4 Bxd5 40.
cxd5+ Kb5 41.h3 h6 42.g3 g6 43.h4 f5 0-1

[Event "XVII Weekend B"]
[Site "Ceriano Laghetto ITA"]
[Date "2008.03.28"]
[Round "1"]
[White "Primerano, Carlo"]
[Black "Cardani, Roberto"]
[Result "0-1"]
[WhiteElo "1750"]
[BlackElo "1927"]
[PlyCount "92"]
[EventDate "2008.03.28"]

1.d4 Nf6 2.c4 e6 3.Nc3 Bb4 4.Qc2 O-O 5.a3 Bxc3+ 6.Qxc3 b6 7.Bg5 Bb7 8.f3 
h6 9.Bh4 d6 10.e4 Nbd7 11.e5 g5 12.Bg3 dxe5 13.dxe5 Nh5 14.O-O-O Qe7 15.
Ne2 Rfd8 16.h4 Nxg3 17.Nxg3 gxh4 18.Ne4 Bxe4 19.fxe4 Qg5+ 20.Kb1 Nxe5 21.
Be2 Ng6 22.Bf3 e5 23.Rd5 c6 24.Rdd1 Rxd1+ 25.Rxd1 Rd8 26.Rd3 Rxd3 27.Qxd3 
Qg3 28.Qd7 h3 29.Qxh3 Qxh3 30.gxh3 Nf4 31.Bg4 Kg7 32.Kc2 Kf6 33.Bd7 c5 34.
h4 Ng2 35.h5 Nf4 36.Bg4 Kg5 37.Bd1 Nxh5 38.b4 Nf6 39.bxc5 bxc5 40.Kd3 h5 
41.Ba4 a5 42.Ke2 Nxe4 43.Bd7 f5 44.Be6 h4 45.Kf1 h3 46.Kg1 Kg4 0-1

[Event "XVII Weekend B"]
[Site "Ceriano Laghetto ITA"]
[Date "2008.03.28"]
[Round "1"]
[White "Rabbiosi, Carlo"]
[Black "Madaschi, Sergio"]
[Result "1-0"]
[WhiteElo "1838"]
[BlackElo "1600"]
[PlyCount "92"]
[EventDate "2008.03.28"]

1.e4 e6 2.Qe2 c5 3.f4 Nc6 4.Nf3 g6 5.g3 Bg7 6.Bh3 Nge7 7.d3 d6 8.O-O Qb6 
9.c3 O-O 10.Nbd2 Bd7 11.Nc4 Qc7 12.Be3 b5 13.Ncd2 a5 14.Nh4 a4 15.f5 exf5 
16.exf5 Nd5 17.Ne4 Nxe3 18.Qxe3 Rae8 19.Qg5 f6 20.Qd2 g5 21.Ng2 Ne5 22.Ne3
Bc6 23.Bg2 Qb6 24.h3 d5 25.Nf2 d4 26.cxd4 cxd4 27.Neg4 Bxg2 28.Kxg2 Qb7+ 
29.Ne4 Nxg4 30.hxg4 Rc8 31.Kh2 Rc6 32.Qb4 Rd8 33.Rad1 Bf8 34.Qd2 Rdc8 35.
Rc1 Kg7 36.Nxg5 fxg5 37.Qxg5+ Kh8 38.Rxc6 Qxc6 39.f6 Qc2+ 40.Kh3 Rc5 41.
Qf4 Rc8 42.a3 Bg7 43.Re1 Qc6 44.g5 Rf8 45.Qf5 Qc8 46.Qxc8 Rxc8 1-0

[Event "XVII Weekend B"]
[Site "Ceriano Laghetto ITA"]
[Date "2008.03.28"]
[Round "1"]
[White "Regorda, Massimiliano"]
[Black "Carbone, Lorenzo"]
[Result "1-0"]
[WhiteElo "1906"]
[BlackElo "1746"]
[PlyCount "85"]
[EventDate "2008.03.28"]

1.e4 c5 2.Nf3 d6 3.Bb5+ Bd7 4.Bxd7+ Qxd7 5.O-O Nc6 6.d4 cxd4 7.Nxd4 Nf6 8.
Nc3 e6 9.Bg5 Be7 10.Re1 O-O 11.Qd2 a6 12.Rad1 Ne5 13.b3 Rac8 14.f4 Nc6 15.
Nf3 Qc7 16.Nb1 Rfd8 17.c4 b5 18.cxb5 axb5 19.Rc1 Qa7+ 20.Kh1 Ng4 21.h3 
Bxg5 22.hxg4 Bf6 23.g5 Bd4 24.Rxc6 Rxc6 25.Nxd4 Rb6 26.Re3 e5 27.Ne2 exf4 
28.Nxf4 Rc6 29.Rc3 Ra6 30.Rc2 Qe7 31.Qd5 Qd7 32.Nd2 Qg4 33.Qxb5 Qd1+ 34.
Nf1 Qxc2 35.Qxa6 Qxe4 36.Qc4 Qf5 37.Nh3 d5 38.Qf4 Qb1 39.Kh2 d4 40.Ng3 
Qxa2 41.Nf5 d3 42.Qe4 f6 43.Qe7 1-0

[Event "XVII Weekend B"]
[Site "Ceriano Laghetto ITA"]
[Date "2008.03.28"]
[Round "1"]
[White "Rizzi, Pietro"]
[Black "Pepa, Syrja"]
[Result "1/2-1/2"]
[WhiteElo "1607"]
[BlackElo "1839"]
[PlyCount "32"]
[EventDate "2008.03.28"]

1.e4 e5 2.Nf3 Nf6 3.Nxe5 d6 4.Nf3 Nxe4 5.d4 d5 6.Bd3 Bd6 7.O-O O-O 8.c4 c6
9.Re1 Re8 10.Qc2 Bg4 11.Nbd2 Nf6 12.Rxe8+ Qxe8 13.a3 dxc4 14.Nxc4 Bxf3 15.
Nxd6 Qe1+ 16.Bf1 Be4 1/2-1/2

[Event "XVII Weekend B"]
[Site "Ceriano Laghetto ITA"]
[Date "2008.03.28"]
[Round "1"]
[White "Ronconi, Fausto"]
[Black "Conta, Diego"]
[Result "1-0"]
[WhiteElo "1733"]
[BlackElo "1890"]
[PlyCount "85"]
[EventDate "2008.03.28"]

1.d4 d5 2.c4 e6 3.Nc3 c6 4.e3 Nf6 5.Bd3 dxc4 6.Bxc4 b5 7.Be2 Nbd7 8.Bf3 
Nd5 9.Nxd5 cxd5 10.Bd2 Nf6 11.Ne2 Bb7 12.Nc3 a6 13.Qb3 Bc6 14.O-O Be7 15.
Ne2 O-O 16.Bb4 a5 17.Bxe7 Qxe7 18.Rac1 Rfc8 19.Rc2 b4 20.a3 Bb5 21.Rxc8+ 
Rxc8 22.Rc1 Rxc1+ 23.Nxc1 Bc4 24.Qa4 bxa3 25.bxa3 Qc7 26.Qc2 Qb6 27.Nd3 
Qb3 28.Qxb3 Bxb3 29.Nc5 a4 30.Kf1 Kf8 31.Ke1 Ke7 32.Kd2 Nd7 33.Nxd7 Kxd7 
34.Kc3 Kc6 35.Kb4 f6 36.Be2 e5 37.Bb5+ Kb6 38.Bxa4 Bc4 39.Bb3 Bxb3 40.Kxb3
Ka5 41.a4 g5 42.g4 e4 43.Ka3 1-0

[Event "XVII Weekend B"]
[Site "Ceriano Laghetto ITA"]
[Date "2008.03.28"]
[Round "1"]
[White "Stella, Luca"]
[Black "Clerici, Samuele"]
[Result "1-0"]
[WhiteElo "1848"]
[BlackElo "1608"]
[PlyCount "31"]
[EventDate "2008.03.28"]

1.e4 e5 2.Nf3 Nc6 3.Bc4 Bc5 4.c3 Nf6 5.d4 exd4 6.e5 Ng8 7.cxd4 Bb4+ 8.Bd2 
Bxd2+ 9.Qxd2 d6 10.O-O Nge7 11.exd6 Qxd6 12.d5 Nb8 13.Nc3 Bg4 14.Nb5 Qb6 
15.Qf4 Bd7 16.Nxc7+ 1-0

[Event "XVII Weekend B"]
[Site "Ceriano Laghetto ITA"]
[Date "2008.03.29"]
[Round "2"]
[White "Basilico, Davide"]
[Black "Mancin, Mariano"]
[Result "0-1"]
[WhiteElo "1698"]
[BlackElo "1876"]
[PlyCount "86"]
[EventDate "2008.03.28"]

1.e4 g6 2.d4 Bg7 3.Nc3 d6 4.Nf3 a6 5.Bc4 Nf6 6.O-O O-O 7.e5 dxe5 8.Nxe5 
Nbd7 9.f4 Nb6 10.Be2 Ne8 11.Ne4 Nd6 12.Bd3 Nxe4 13.Bxe4 c6 14.c3 Be6 15.
Qc2 f5 16.Bf3 Bxe5 17.fxe5 Qc7 18.Bh6 Rfd8 19.Qd2 Bd5 20.Qg5 e6 21.Bh5 Qf7
22.g4 Be4 23.Rae1 Bd5 24.gxf5 exf5 25.Bg4 Be6 26.Rf2 Re8 27.Ref1 Qe7 28.
Qxe7 Rxe7 29.h4 Ree8 30.Bd1 Bxa2 31.b3 Bb1 32.h5 Be4 33.Kh2 Nd5 34.c4 Nc7 
35.hxg6 hxg6 36.Bf3 Kf7 37.Kg2 Rad8 38.Rc1 Bxf3+ 39.Rxf3 Ne6 40.Rd1 Nxd4 
41.Rfd3 Ne6 42.Bc1 Rxd3 43.Rxd3 Nf4+ 0-1

[Event "XVII Weekend B"]
[Site "Ceriano Laghetto ITA"]
[Date "2008.03.29"]
[Round "2"]
[White "Beltrami, Chiara"]
[Black "Guzzetti, Luigi Enrico"]
[Result "1/2-1/2"]
[WhiteElo "1658"]
[BlackElo "1933"]
[PlyCount "116"]
[EventDate "2008.03.28"]

1.e4 c5 2.Nc3 e6 3.f4 a6 4.a4 Nc6 5.Nf3 d6 6.Bc4 Qc7 7.d3 Nf6 8.O-O Be7 9.
Qe1 g6 10.f5 gxf5 11.exf5 d5 12.Bb3 h6 13.fxe6 Bxe6 14.Nh4 O-O-O 15.Ng6 
Rhg8 16.Nxe7+ Qxe7 17.Qh4 Rg6 18.Bf4 Rdg8 19.Bg3 Nd4 20.Qf4 Nc6 21.Qh4 Ng4
22.Qxe7 Nxe7 23.Bd6 Nf5 24.Bxc5 Nge3 25.Bxe3 Nxe3 26.Rf2 Nxg2 27.Kh1 Ne3 
28.Re2 d4 29.Bxe6+ fxe6 30.Ne4 e5 31.Ng3 Kd7 32.c3 b6 33.cxd4 exd4 34.Rf2 
R8g7 35.Rf4 Rg4 36.Rxg4 Rxg4 37.a5 b5 38.Ne4 Nc2 39.Rc1 Rxe4 40.dxe4 Nb4 
41.Rg1 d3 42.Rg6 Nc6 43.Rg3 Ne5 44.Rg2 Kc6 45.Rf2 Kc5 46.Kg2 Kd4 47.Rf6 
Kxe4 48.Rxa6 Nc4 49.Re6+ Kd4 50.Kf2 Nxa5 51.Rxh6 Nc4 52.Rh4+ Ke5 53.Rxc4 
bxc4 54.Ke3 Kd5 55.h4 Ke5 56.h5 Kf5 57.h6 Kg6 58.h7 Kxh7 1/2-1/2

[Event "XVII Weekend B"]
[Site "Ceriano Laghetto ITA"]
[Date "2008.03.29"]
[Round "2"]
[White "Bernasconi, Roberto"]
[Black "Stella, Luca"]
[Result "1/2-1/2"]
[WhiteElo "1940"]
[BlackElo "1848"]
[PlyCount "71"]
[EventDate "2008.03.28"]

1.e4 c5 2.Nf3 d6 3.d4 cxd4 4.Nxd4 Nf6 5.Nc3 g6 6.Be3 Bg7 7.f3 Nc6 8.Qd2 
O-O 9.Bc4 Bd7 10.O-O-O Rc8 11.Bb3 Ne5 12.Kb1 Nc4 13.Bxc4 Rxc4 14.g4 b5 15.
h4 b4 16.Nd5 Nxd5 17.exd5 e5 18.dxe6 fxe6 19.Qe2 d5 20.f4 Bxd4 21.Bxd4 Qc7
22.Be5 Qd8 23.g5 Rcxf4 24.Bxf4 Rxf4 25.Rdf1 Qf8 26.Rxf4 Qxf4 27.Rf1 Qd6 
28.h5 Be8 29.Rf6 Bf7 30.hxg6 hxg6 31.Qf2 Qe7 32.Kc1 Kg7 33.Qd4 e5 34.Rxf7+
Kxf7 35.Qxd5+ Kg7 36.Qd2 1/2-1/2

[Event "XVII Weekend B"]
[Site "Ceriano Laghetto ITA"]
[Date "2008.03.29"]
[Round "2"]
[White "Carbone, Lorenzo"]
[Black "Brighenti, Alessandro"]
[Result "1-0"]
[WhiteElo "1746"]
[BlackElo "1593"]
[PlyCount "37"]
[EventDate "2008.03.28"]

1.e4 e5 2.Nf3 Nc6 3.Bb5 f5 4.Nc3 fxe4 5.Nxe4 Nf6 6.Qe2 d5 7.Nxf6+ gxf6 8.
d3 Bg7 9.Bd2 O-O 10.O-O-O Bg4 11.Bxc6 bxc6 12.h3 Bh5 13.g4 Bf7 14.Nh4 d4 
15.Nf5 Bd5 16.Rhg1 Re8 17.g5 Kh8 18.Nxg7 Kxg7 19.Qh5 1-0

[Event "XVII Weekend B"]
[Site "Ceriano Laghetto ITA"]
[Date "2008.03.29"]
[Round "2"]
[White "Cardani, Roberto"]
[Black "Rabbiosi, Carlo"]
[Result "1/2-1/2"]
[WhiteElo "1927"]
[BlackElo "1838"]
[PlyCount "62"]
[EventDate "2008.03.28"]

1.e4 e5 2.Nf3 Nc6 3.Bb5 Nge7 4.O-O a6 5.Ba4 d6 6.c3 Bd7 7.d4 Ng6 8.Re1 Be7
9.Be3 O-O 10.Nbd2 Qe8 11.Bc2 f5 12.exf5 Bxf5 13.d5 Nb8 14.Bxf5 Rxf5 15.Ne4
h6 16.Ng3 Rf8 17.Nd2 Nd7 18.Nde4 Nf4 19.c4 Qg6 20.Bxf4 Rxf4 21.Qh5 Qh7 22.
b4 Raf8 23.Qe2 Bh4 24.f3 Qg6 25.Rf1 Nf6 26.Nxf6+ Bxf6 27.Ne4 h5 28.c5 Be7 
29.Rac1 h4 30.h3 Qf7 31.Rcd1 Ra8 1/2-1/2

[Event "XVII Weekend B"]
[Site "Ceriano Laghetto ITA"]
[Date "2008.03.29"]
[Round "2"]
[White "Greco, Umberto"]
[Black "Oteri, Aldo"]
[Result "0-1"]
[WhiteElo "1650"]
[BlackElo "1887"]
[PlyCount "54"]
[EventDate "2008.03.28"]

1.d4 Nf6 2.c4 e6 3.Nc3 d5 4.cxd5 exd5 5.Bg5 Nbd7 6.Nf3 Be7 7.e3 c6 8.Bd3 
O-O 9.O-O Re8 10.Qc2 Nf8 11.Bxf6 Bxf6 12.b4 a6 13.a4 Be7 14.b5 axb5 15.
axb5 Rxa1 16.Rxa1 Bd6 17.bxc6 bxc6 18.Na4 Qf6 19.Nc5 Bg4 20.Be2 g5 21.Rc1 
Bf5 22.Bd3 Bxd3 23.Qxd3 g4 24.Ne1 h5 25.g3 Nh7 26.Nb7 Ng5 27.Rxc6 Nh3+ 0-1

[Event "XVII Weekend B"]
[Site "Ceriano Laghetto ITA"]
[Date "2008.03.29"]
[Round "2"]
[White "Libutti, Michele"]
[Black "Marcangeli, Alessandro"]
[Result "1/2-1/2"]
[WhiteElo "1876"]
[BlackElo "1658"]
[PlyCount "74"]
[EventDate "2008.03.28"]

1.d4 Nf6 2.c4 g6 3.Nc3 d5 4.e3 Bg7 5.Nf3 O-O 6.Be2 c5 7.O-O cxd4 8.exd4 
Nc6 9.Bg5 dxc4 10.d5 Nb8 11.Bxc4 a6 12.a4 Qc7 13.Qe2 Bg4 14.Ba2 Re8 15.h3 
Bxf3 16.Qxf3 Nbd7 17.Rfe1 Nb6 18.Bf4 Qd7 19.a5 Nc8 20.Rac1 Nd6 21.Bxd6 
Qxd6 22.Ne4 Nxe4 23.Rxe4 Rac8 24.Rxc8 Rxc8 25.Rc4 Rxc4 26.Bxc4 Be5 27.b3 
Kg7 28.g3 g5 29.Kg2 b5 30.axb6 Qxb6 31.Qe2 Bd6 32.h4 f6 33.Bxa6 Qxb3 34.
Bc4 Qc3 35.Bd3 Qd4 36.Qf3 Bc5 37.Be4 Qe5 1/2-1/2

[Event "XVII Weekend B"]
[Site "Ceriano Laghetto ITA"]
[Date "2008.03.29"]
[Round "2"]
[White "Madaschi, Sergio"]
[Black "Caldarola, Stefano"]
[Result "0-1"]
[WhiteElo "1600"]
[BlackElo "1739"]
[PlyCount "122"]
[EventDate "2008.03.28"]

1.e4 c6 2.d4 d5 3.Nc3 dxe4 4.Nxe4 Nd7 5.Nf3 Ngf6 6.Nxf6+ Nxf6 7.Be2 Bg4 8.
h3 Bh5 9.Be3 e6 10.O-O Be7 11.c4 O-O 12.Qc2 Bg6 13.Bd3 Bxd3 14.Qxd3 Qc7 
15.Rad1 Rfd8 16.Qc2 c5 17.dxc5 Bxc5 18.Bxc5 Qxc5 19.Qe2 Rac8 20.b3 h5 21.
Rd3 Rxd3 22.Qxd3 Qa3 23.Qd2 a5 24.Rc1 a4 25.bxa4 Qxa4 26.Qc2 Qa6 27.a4 Nd5
28.Nd2 Nb6 29.Ra1 Nxc4 30.Nb3 Nb6 31.Qa2 Nd5 32.a5 Qd3 33.a6 bxa6 34.Qxa6 
Qxa6 35.Rxa6 Rc2 36.Ra8+ Kh7 37.Ra1 Nf4 38.Nd4 Rd2 39.Nf3 Rb2 40.Rd1 Kg6 
41.Ne5+ Kf6 42.Nc4 Rc2 43.Ne3 Rc5 44.Kh2 Nd5 45.Kg3 Nxe3 46.fxe3 g5 47.
Rf1+ Kg6 48.e4 f5 49.exf5+ exf5 50.Rd1 f4+ 51.Kh2 Rc2 52.Kg1 Rc3 53.Rf1 h4
54.Rf3 Rxf3 55.gxf3 Kf5 56.Kg2 Ke5 57.Kf2 Kd4 58.Ke2 Kc3 59.Ke1 Kd3 60.Kf1
Ke3 61.Kg2 Ke2 0-1

[Event "XVII Weekend B"]
[Site "Ceriano Laghetto ITA"]
[Date "2008.03.29"]
[Round "2"]
[White "Margstahler, Francesco"]
[Black "Cervini, Gian Piero"]
[Result "1/2-1/2"]
[WhiteElo "1764"]
[BlackElo "1767"]
[PlyCount "57"]
[EventDate "2008.03.28"]

1.e4 d6 2.d4 Nf6 3.Nc3 g6 4.Nf3 Bg7 5.Be2 O-O 6.O-O Nbd7 7.Re1 e5 8.dxe5 
Nxe5 9.Nxe5 dxe5 10.Bg5 Qxd1 11.Raxd1 Be6 12.f3 c6 13.Rd6 Rfd8 14.Red1 
Rxd6 15.Rxd6 Ne8 16.Rd2 Bf6 17.Be3 Kg7 18.Na4 b6 19.b3 Be7 20.Nb2 Rd8 21.
Nc4 Rxd2 22.Bxd2 Bc5+ 23.Kf1 f6 24.f4 Nd6 25.fxe5 Nxe4 26.exf6+ Kxf6 27.
Be1 Nd6 28.Bc3+ Ke7 29.Nxd6 1/2-1/2